000 00259nam a2200109Ia 4500
008 220204s9999 xx 000 0 und d
082 _a74(4)
_bWEN
100 _aWentinck, Charles
245 0 _aArt treasures of Europe
260 _aSpectrum
_c1978
942 _cBK
999 _c35903
_d35903